| 000 | 00615nam a22002057a 4500 | ||
|---|---|---|---|
| 999 |
_c5641 _d5641 |
||
| 003 | AR-CdUCM | ||
| 008 | 190313b ||||| |||| 00| 0 spa d | ||
| 020 | _a968-29-1637-2 | ||
| 040 |
_aMUNICIPALIDAD PROVINCIAL DEL CUSCO _cBIBLIOTECA MUNICIPAL DEL CUSCO |
||
| 082 |
_a869.15 / _bL61 |
||
| 100 |
_aLicona, Alejandro _916850 |
||
| 245 | _aRaptóla, violóla y matóla / | ||
| 260 |
_aMéxico D.F. : _bInstituto Politécnico Nacional, _c1987. |
||
| 300 |
_a139 páginas ; _c20 cm. |
||
| 650 |
_aTeatro _9173 |
||
| 650 |
_aLiteratura mexicana _92532 |
||
| 650 |
_aSiglo XX _98 |
||
| 942 |
_2ddc _cLIBROS |
||
| 945 | _azta | ||